00286nam a22001217a 4500008004100000082002000041245004600061260001400107300000900121440000700130942001200137999001500149230704b xxu||||| |||| 00| 0 eng d a362.1bWHO 2001 aBulletin of the World Health Organization bWHOc2001 a380p v79 2ddccBK c3797d3797